[Event "Mondiale Lampo FIDE 2022"]
[Site "Alma Ata"]
[Date "29.12.2022"]
[Round "7.52"]
[White "Jumabayev, Rinat"]
[Black "Khripachenko, Alexander"]
[Result "1-0"]
[WhiteTitle ""]
[BlackTitle ""]
[WhiteElo "2609"]
[BlackElo "2219"]
[WhiteFideId "13702661"]
[BlackFideId "54184975"]
[EventDate "29.12.2022"]

1. d4 d5 2. c4 e6 3. Nf3 Nf6 4. g3 Bb4+ 5. Bd2 Be7 6. Bg2 O-O 7. O-O Nbd7 8. Qc2
Ne4 9. Bf4 c6 10. Nc3 g5 11. Be3 f5 12. b3 b6 13. cxd5 cxd5 14. Nb5 Bb7 15. Qc7
Ba6 16. Qxd8 Bxd8 17. a4 Kf7 18. Rfc1 h6 19. Nc7 Bxc7 20. Rxc7 Ke8 21. Ra2 Nd6
22. h4 f4 23. Bc1 Ne4 24. hxg5 hxg5 25. Bh3 Rf6 26. Kg2 Rg6 27. Bg4 Kd8 28.
Rxd7+ Kxd7 29. Ne5+ Kd6 30. Nxg6 Rc8 31. Bd2 Nf6 32. Bb4+ Kc7 33. Rc2+ 1-0

[Event "Mondiale Lampo FIDE 2022"]
[Site "Alma Ata"]
[Date "29.12.2022"]
[Round "7.53"]
[White "Gharibyan, Mamikon"]
[Black "Munkhgal, Gombosuren"]
[Result "1-0"]
[WhiteTitle ""]
[BlackTitle ""]
[WhiteElo "2480"]
[BlackElo "2463"]
[WhiteFideId "13308300"]
[BlackFideId "4901266"]
[EventDate "29.12.2022"]

1. Nf3 Nf6 2. g3 d5 3. Bg2 Bf5 4. d3 e6 5. c4 c6 6. Qb3 Qc8 7. Nc3 h6 8. O-O Be7
9. Bf4 Nbd7 10. cxd5 exd5 11. Qc2 O-O 12. e4 Bh7 13. e5 Ne8 14. Qd2 Nc7 15. d4
Ne6 16. Be3 a5 17. b3 Nb6 18. Ne1 a4 19. Nd3 Rd8 20. Bh3 c5 21. Nf4 cxd4 22.
Bxd4 Nxd4 23. Qxd4 Qc5 24. Nce2 Qxd4 25. Nxd4 Bc5 26. Rad1 axb3 27. axb3 Re8 28.
e6 Ra2 29. Rfe1 fxe6 30. Nfxe6 Bb4 31. Re3 Be4 32. Bg2 Bg6 33. h4 Kh7 34. Bf3
Rb2 35. Re2 Rxe2 36. Bxe2 Nd7 37. Nc7 Re4 38. Bf3 Re5 39. Nxd5 Bc5 40. Nf4 Nf6
41. Nde6 Bf5 42. Nxc5 Rxc5 43. b4 Rc4 44. b5 Rb4 45. Bxb7 Rxb5 46. Bf3 Rb3 47.
Bg2 Rb2 48. h5 Ng4 49. Rf1 Bc8 50. Bh3 Bf5 51. Bxg4 Bxg4 52. f3 Bc8 53. Rf2 Rb1+
54. Kg2 Bb7 55. g4 Rb4 56. Kg3 Rb3 57. Ng6 Ra3 58. Nh4 Rb3 59. Re2 Ba6 60. Re8
Bd3 61. Rf8 Bb1 62. Rd8 Bc2 63. Kf2 Bb1 64. f4 Rb4 65. f5 g5 66. hxg6+ Kg7 67.
Rd7+ Kf6 68. Nf3 Rxg4 69. Rf7# 1-0

[Event "Mondiale Lampo FIDE 2022"]
[Site "Alma Ata"]
[Date "29.12.2022"]
[Round "7.54"]
[White "Isanzhulov, Arystan"]
[Black "Najer, Evgeniy"]
[Result "0-1"]
[WhiteTitle ""]
[BlackTitle ""]
[WhiteElo "2313"]
[BlackElo "2662"]
[WhiteFideId "13711644"]
[BlackFideId "4118987"]
[EventDate "29.12.2022"]

1. e4 c6 2. d4 d5 3. e5 c5 4. Nf3 cxd4 5. Qxd4 Nc6 6. Qf4 g6 7. Qg3 Nh6 8. Bxh6
Bxh6 9. Bd3 Qb6 10. b3 Qb4+ 11. c3 Qg4 12. O-O Bf4 13. Qxg4 Bxg4 14. Re1 Bxf3
15. gxf3 Nxe5 16. Bb5+ Kf8 17. Kg2 Rc8 18. Bf1 h5 19. Na3 h4 20. h3 Rh5 21. Be2
Rxc3 22. Rad1 Rg5+ 23. Kh1 Nxf3 24. Nb5 Rc2 25. Nd4 Nxe1 26. Nxc2 Nxc2 27. Bf3
e6 28. a4 a5 29. Be2 b6 0-1

[Event "Mondiale Lampo FIDE 2022"]
[Site "Alma Ata"]
[Date "29.12.2022"]
[Round "7.55"]
[White "Tsaruk, Maksim"]
[Black "Pantsulaia, Levan"]
[Result "0-1"]
[WhiteTitle ""]
[BlackTitle ""]
[WhiteElo "2373"]
[BlackElo "2597"]
[WhiteFideId "13511173"]
[BlackFideId "13602071"]
[EventDate "29.12.2022"]

1. e4 c6 2. d4 d5 3. Nd2 dxe4 4. Nxe4 Bf5 5. Ng3 Bg6 6. h4 h6 7. Nf3 Nd7 8. h5
Bh7 9. Bd3 Bxd3 10. Qxd3 e6 11. Bd2 Ngf6 12. O-O-O Bd6 13. Kb1 Bxg3 14. fxg3 O-O
15. Rh4 Re8 16. Re1 Qe7 17. g4 Nh7 18. Rhh1 Rad8 19. Rhf1 a6 20. Qb3 b5 21. Bb4
c5 22. dxc5 Nxc5 23. Qa3 Rd5 24. Ne5 Nf6 25. g5 hxg5 26. h6 Qc7 27. Qe3 Nce4 28.
h7+ Kh8 29. Nxf7+ Qxf7 30. Qxe4 Red8 31. Qe2 Kxh7 32. a4 Kg8 33. Qxe6 Rd1+ 34.
Rxd1 Rxd1+ 35. Rxd1 Qxe6 36. a5 Nd5 37. Bc5 Qe4 38. g3 g4 39. Rd4 Qe1+ 40. Ka2
Qxa5+ 41. Kb3 Nf6 42. Bb4 Qc7 43. c3 Qxg3 44. Rd6 Qf3 45. Rxa6 g3 46. Ra1 Qd5+
47. Kc2 Qe4+ 48. Kb3 Nd5 49. Bd6 g2 50. Rg1 Qc4+ 51. Kc2 Ne3+ 52. Kd2 Qf1 53.
Bh2 Ng4 0-1

[Event "Mondiale Lampo FIDE 2022"]
[Site "Alma Ata"]
[Date "29.12.2022"]
[Round "7.56"]
[White "Svane, Rasmus"]
[Black "Burmakin, Vladimir"]
[Result "1/2-1/2"]
[WhiteTitle ""]
[BlackTitle ""]
[WhiteElo "2622"]
[BlackElo "2498"]
[WhiteFideId "4657101"]
[BlackFideId "4105109"]
[EventDate "29.12.2022"]

1. Nf3 d5 2. g3 c6 3. Bg2 Bf5 4. c4 e6 5. Qb3 Qb6 6. d3 Nd7 7. O-O Ngf6 8. cxd5
cxd5 9. Nc3 Qxb3 10. axb3 Bc5 11. Bf4 O-O 12. Nb5 a6 13. Nd6 Bxd6 14. Bxd6 Rfc8
15. Rfc1 Bg4 16. Kf1 Ne8 17. Bb4 Bxf3 18. Bxf3 Ne5 19. Bg2 Nc6 20. Bc5 Nc7 21.
f4 Nb5 22. e3 Rd8 23. Ke2 Rac8 24. Kd2 f5 25. Rc2 Kf7 26. Rac1 Rd7 27. h3 Re8
28. g4 g6 29. Rf1 Kg8 30. Rcc1 Na5 31. Kc2 Rc8 32. b4 b6 33. bxa5 bxc5 34. Kd2
Nd6 35. Rc2 1/2-1/2

[Event "Mondiale Lampo FIDE 2022"]
[Site "Alma Ata"]
[Date "29.12.2022"]
[Round "7.57"]
[White "Puranik, Abhimanyu"]
[Black "Idani, Pouya"]
[Result "0-1"]
[WhiteTitle ""]
[BlackTitle ""]
[WhiteElo "2616"]
[BlackElo "2637"]
[WhiteFideId "5061245"]
[BlackFideId "12510130"]
[EventDate "29.12.2022"]

1. Nf3 f5 2. g3 g6 3. Bg2 Bg7 4. d4 Nf6 5. O-O d6 6. b3 O-O 7. Bb2 Ne4 8. c4 Nc6
9. Qc1 e5 10. e3 a5 11. Nbd2 Nxd2 12. Qxd2 Qe7 13. a3 Bd7 14. Rac1 e4 15. Ne1
Nd8 16. d5 Bxb2 17. Qxb2 Nf7 18. Qc3 b6 19. f4 exf3 20. Nxf3 Rae8 21. Rce1 Ng5
22. Nxg5 Qxg5 23. b4 axb4 24. axb4 Qf6 25. Qxf6 Rxf6 26. Ra1 Re7 27. Ra7 Be8 28.
Rc1 Rff7 29. Kf2 Kg7 30. c5 bxc5 31. bxc5 Bb5 32. c6 Kf6 33. Rb1 Bd3 34. Rb4 Ke5
35. Raa4 Be4 36. Rd4 Bxg2 37. Kxg2 Rf8 38. Kf3 Rb8 39. Ra7 Rb5 40. g4 Rxd5 41.
Rc4 fxg4+ 42. Rxg4 Kf6 43. Rf4+ Rf5 44. e4 Rxf4+ 45. Kxf4 g5+ 46. Kf3 h6 0-1

[Event "Mondiale Lampo FIDE 2022"]
[Site "Alma Ata"]
[Date "29.12.2022"]
[Round "7.58"]
[White "Vakhidov, Jakhongir"]
[Black "Jobava, Baadur"]
[Result "1-0"]
[WhiteTitle ""]
[BlackTitle ""]
[WhiteElo "2607"]
[BlackElo "2578"]
[WhiteFideId "14201801"]
[BlackFideId "13601520"]
[EventDate "29.12.2022"]

1. c4 g6 2. Nc3 Bg7 3. Nf3 Nf6 4. g3 d6 5. d4 Nbd7 6. Bg2 e5 7. O-O O-O 8. e4 a6
9. Qc2 c6 10. Rd1 Qc7 11. a4 exd4 12. Nxd4 a5 13. h3 Re8 14. Be3 Bf8 15. Re1 Nc5
16. Rad1 Nfd7 17. f4 Na6 18. Bf2 Ndc5 19. Kh2 Bd7 20. Re2 Rad8 21. Na2 Bc8 22.
b3 Bg7 23. Nf3 Re7 24. Bd4 Bxd4 25. Nxd4 Rde8 26. Rde1 Qb6 27. Qc3 Nb4 28. Nxb4
axb4 29. Qd2 Rd8 30. Re3 Ree8 31. Nc2 Na6 32. Rd3 Nc5 33. Rde3 Na6 34. Rd1 Be6
35. Bf3 Bc8 36. h4 h5 37. f5 Qc5 38. Rd3 Qe5 39. fxg6 fxg6 40. Nxb4 Nc5 41. Re3
Rf8 42. Nd3 Qe6 43. Nf4 Rxf4 44. gxf4 Qh3+ 45. Kg1 Qxh4 46. Qh2 Qe7 47. Qg3 Kf7
48. Rd2 h4 49. Qg5 Qxg5+ 50. fxg5 Ne6 51. e5 Nxg5 52. exd6 Bf5 53. Bh1 Kf6 54.
a5 Ne6 55. b4 g5 56. b5 g4 57. a6 cxb5 58. cxb5 bxa6 59. bxa6 Rb8 60. Re1 Rb3
61. a7 h3 62. a8=Q g3 63. Qh8+ Kg5 64. Qg8+ Kf6 65. Rxe6+ Bxe6 66. Qh8+ Kf7 67.
Qh7+ Kf6 68. Qh6+ Kf7 69. Qh5+ Kf6 70. Qh4+ Kg6 71. Be4+ Kf7 72. Qe7+ 1-0

[Event "Mondiale Lampo FIDE 2022"]
[Site "Alma Ata"]
[Date "29.12.2022"]
[Round "7.59"]
[White "Savchenko, Boris"]
[Black "Fedorov, Alexei"]
[Result "1-0"]
[WhiteTitle ""]
[BlackTitle ""]
[WhiteElo "2552"]
[BlackElo "2475"]
[WhiteFideId "4147332"]
[BlackFideId "13500465"]
[EventDate "29.12.2022"]

1. d4 c5 2. d5 d6 3. c4 g6 4. Nc3 Bg7 5. e4 e6 6. h4 h6 7. dxe6 Bxc3+ 8. bxc3
Bxe6 9. Bf4 Nc6 10. Rb1 Qa5 11. Rxb7 Nge7 12. Qb3 O-O 13. Bxd6 Rfe8 14. f3 Qa6
15. Qb5 Qxa2 16. Qxc5 Qa1+ 17. Kf2 Nf5 18. exf5 Bc8 19. Re7 Nxe7 20. Bxe7 Bxf5
21. g4 Qb2+ 22. Kg3 Be6 23. Bf6 Qc1 24. Ne2 Qe1+ 25. Qf2 Qxf2+ 26. Kxf2 Bxc4 27.
Nf4 Bxf1 28. Rxf1 a5 29. Nd5 Ra7 30. Bd4 1-0

[Event "Mondiale Lampo FIDE 2022"]
[Site "Alma Ata"]
[Date "29.12.2022"]
[Round "7.60"]
[White "Yilmaz, Mustafa"]
[Black "Arjun, Kalyan"]
[Result "1-0"]
[WhiteTitle ""]
[BlackTitle ""]
[WhiteElo "2617"]
[BlackElo "2505"]
[WhiteFideId "6302718"]
[BlackFideId "35018701"]
[EventDate "29.12.2022"]

1. d4 Nf6 2. c4 e6 3. Nf3 d5 4. Nc3 Nbd7 5. cxd5 exd5 6. Bg5 c6 7. Qc2 h6 8. Bh4
Be7 9. e3 O-O 10. Bd3 Re8 11. O-O Ne4 12. Bxe4 Bxh4 13. Bh7+ Kh8 14. Nxh4 Qxh4
15. Bd3 Qe7 16. Rab1 Nf6 17. b4 a5 18. bxa5 Rxa5 19. a4 g6 20. Qb2 Kg7 21. Rfc1
h5 22. Qb6 Qd8 23. Qxd8 Rxd8 24. f3 Ne8 25. Kf2 Nd6 26. Rb4 f5 27. h4 Kf6 28.
Ne2 Bd7 29. Rc5 Ra7 30. Rc1 Rda8 31. Nc3 Ke7 32. Rcb1 Be6 33. Bc2 Kd7 34. Ne2
Kc7 35. Nf4 Bf7 36. Nd3 Nc4 37. Ne5 Nxe5 38. dxe5 Rb8 39. Kg3 b6 40. Kf4 c5 41.
R4b2 Be8 42. Kg5 c4 43. Rb4 Ra5 44. Kf6 Rc5 45. e6 Rc6 46. Ke5 Rc5 47. Kf6 Rc6
48. a5 b5 49. Rxb5 Rxb5 50. Rxb5 Rd6 51. Rc5+ Bc6 52. Ke5 d4 53. exd4 c3 54. d5 1-0

[Event "Mondiale Lampo FIDE 2022"]
[Site "Alma Ata"]
[Date "29.12.2022"]
[Round "7.61"]
[White "Yakubboev, Nodirbek"]
[Black "Averin, Nikolay"]
[Result "1-0"]
[WhiteTitle ""]
[BlackTitle ""]
[WhiteElo "2647"]
[BlackElo "2342"]
[WhiteFideId "14203987"]
[BlackFideId "24250473"]
[EventDate "29.12.2022"]

1. c4 e6 2. Nf3 d5 3. g3 Nf6 4. Bg2 dxc4 5. Qa4+ Nbd7 6. Qxc4 a6 7. a4 Rb8 8.
Nc3 b6 9. O-O Bb7 10. d4 c5 11. Rd1 Rc8 12. Qd3 cxd4 13. Nxd4 Bxg2 14. Kxg2 Nc5
15. Qf3 Qc7 16. Bg5 Be7 17. Rac1 Qb7 18. Qxb7 Nxb7 19. e4 Nd7 20. Be3 Ne5 21. b3
Nc5 22. h3 O-O 23. Nce2 Ned3 24. Rc3 Nb4 25. f3 Rfd8 26. Kf1 Kf8 1-0

[Event "Mondiale Lampo FIDE 2022"]
[Site "Alma Ata"]
[Date "29.12.2022"]
[Round "7.62"]
[White "Nogerbek, Kazybek"]
[Black "Saraci, Nderim"]
[Result "1-0"]
[WhiteTitle ""]
[BlackTitle ""]
[WhiteElo "2468"]
[BlackElo "2468"]
[WhiteFideId "13710427"]
[BlackFideId "6351921"]
[EventDate "29.12.2022"]

1. Nf3 d5 2. e3 Nf6 3. c4 c6 4. d4 e6 5. Nbd2 Nbd7 6. Bd3 a6 7. O-O dxc4 8. Nxc4
b5 9. Nce5 Bb7 10. a4 Be7 11. b3 O-O 12. Bb2 b4 13. Nxd7 Qxd7 14. Rc1 Rac8 15.
Qe2 a5 16. Rfd1 Rfd8 17. Ne5 Qc7 18. Ba6 Qb6 19. Bxb7 Qxb7 20. Qf3 Rd5 21. Nc4
Nd7 22. e4 Rg5 23. h4 Rg6 24. Nxa5 Qa6 25. Nc4 Bxh4 26. Nd6 Rf8 27. e5 c5 28.
dxc5 f6 29. Qh3 Nxe5 30. Bxe5 Bxf2+ 31. Kxf2 fxe5+ 32. Kg1 Rh6 33. Qd3 Qc6 34.
Rf1 Rg6 35. Rxf8+ Kxf8 36. Qe4 Qc7 37. Qa8+ 1-0

[Event "Mondiale Lampo FIDE 2022"]
[Site "Alma Ata"]
[Date "29.12.2022"]
[Round "7.63"]
[White "Kostenko, Petr"]
[Black "Le, Tuan Minh"]
[Result "0-1"]
[WhiteTitle ""]
[BlackTitle ""]
[WhiteElo "2374"]
[BlackElo "2542"]
[WhiteFideId "13700669"]
[BlackFideId "12401153"]
[EventDate "29.12.2022"]

1. c4 c6 2. d4 d5 3. Nf3 Nf6 4. e3 Bf5 5. Nc3 e6 6. Nh4 Be4 7. f3 Bg6 8. Qb3 Qc7
9. Bd2 Be7 10. g3 O-O 11. Rc1 dxc4 12. Bxc4 a6 13. Be2 Nbd7 14. e4 Rfd8 15. e5
Ne8 16. Nxg6 hxg6 17. f4 Nb6 18. Be3 Nd5 19. Nxd5 Rxd5 20. Kf2 Rad8 21. h4 Bf8
22. h5 gxh5 23. Rh3 g6 24. Bf3 0-1

[Event "Mondiale Lampo FIDE 2022"]
[Site "Alma Ata"]
[Date "29.12.2022"]
[Round "7.64"]
[White "Bologan, Victor"]
[Black "Petkov, Momchil"]
[Result "1-0"]
[WhiteTitle ""]
[BlackTitle ""]
[WhiteElo "2574"]
[BlackElo "2531"]
[WhiteFideId "13900048"]
[BlackFideId "2921642"]
[EventDate "29.12.2022"]

1. e4 c5 2. Nf3 d6 3. d4 cxd4 4. Nxd4 Nf6 5. Nc3 a6 6. Be3 e5 7. Nf3 Be7 8. Bc4
O-O 9. O-O Be6 10. Bb3 Qc8 11. Bg5 Nbd7 12. Rc1 b5 13. h3 h6 14. Bh4 Qb7 15. Re1
Rfc8 16. Bxf6 Nxf6 17. Qd3 b4 18. Bxe6 fxe6 19. Na4 Rab8 20. Qb3 Qd7 21. Rcd1
Rb5 22. Qd3 Qc7 23. Re2 Qc6 24. b3 Rb7 25. Rc1 Qb5 26. Qd2 Rbc7 27. Qd1 a5 28.
Re3 Qb7 29. Qd3 Nh5 30. g3 Nf6 31. Qe2 Rf8 32. Nd2 Qc6 1-0

[Event "Mondiale Lampo FIDE 2022"]
[Site "Alma Ata"]
[Date "29.12.2022"]
[Round "7.65"]
[White "Sarana, Alexey"]
[Black "Utegaliyev, Azamat"]
[Result "1-0"]
[WhiteTitle ""]
[WhiteElo "2668"]
[BlackElo "2445"]
[WhiteFideId "24133795"]
[BlackFideId "13702467"]
[EventDate "29.12.2022"]

1. c4 Nf6 2. Nc3 g6 3. d4 Bg7 4. e4 d6 5. Be2 Nc6 6. d5 Ne5 7. f4 Ned7 8. Be3
O-O 9. Nf3 Nc5 10. e5 Ng4 11. Bxc5 dxc5 12. Qd2 c6 13. h3 Nh6 14. g4 cxd5 15.
cxd5 e6 16. d6 f6 17. exf6 Bxf6 18. g5 Bxc3 19. bxc3 Nf5 20. Rd1 Ng3 21. Rg1
Nxe2 22. Kxe2 e5 23. Qd5+ Kg7 24. Qxe5+ Kg8 25. Qd5+ Kg7 26. d7 Qe7+ 27. Qe5+
Qxe5+ 28. fxe5 1-0

[Event "Mondiale Lampo FIDE 2022"]
[Site "Alma Ata"]
[Date "29.12.2022"]
[Round "7.66"]
[White "Harutyunyan, Tigran K."]
[Black "Niemann, Hans Moke"]
[Result "0-1"]
[WhiteTitle ""]
[BlackTitle ""]
[WhiteElo "2511"]
[BlackElo "2698"]
[WhiteFideId "13303635"]
[BlackFideId "2093596"]
[EventDate "29.12.2022"]

1. d4 Nf6 2. c4 g6 3. Nf3 Bg7 4. g3 O-O 5. Nc3 d6 6. Bg2 Nc6 7. O-O Bg4 8. h3
Bxf3 9. Bxf3 Nd7 10. e3 e5 11. dxe5 Ndxe5 12. Be2 Qd7 13. Kg2 Na5 14. Qd5 Qc6
15. Qxc6 bxc6 16. c5 d5 17. b3 Nd7 18. Bd2 Rfb8 19. Rac1 Nb7 20. e4 d4 21. Na4
Bf8 22. Rc4 Bg7 23. Rd1 Nd8 24. Rcc1 Ne6 25. Bg4 h5 26. Bxe6 fxe6 27. Ba5 Rb7
28. Nb2 e5 29. Nd3 g5 30. Bd2 Bf6 31. Rc4 g4 32. hxg4 hxg4 33. Rh1 a5 34. Rh5
Kg7 35. Ra4 Rba7 36. Rh1 Be7 37. Rc1 Kf6 38. Rcc4 Ke6 39. Rc1 Nf6 40. Re1 Nd7
41. Rc1 Bf8 42. Rc2 Nf6 43. f3 gxf3+ 44. Kxf3 Be7 45. Rc1 Rf8 46. Rxa5 Rxa5 47.
Bxa5 Bd8 48. Nf2 Nxe4+ 49. Kxe4 Rxf2 50. a4 Re2+ 51. Kf3 Re3+ 52. Kf2 Rxb3 53.
Ra1 e4 54. Be1 Rb2+ 55. Kf1 d3 56. a5 Bf6 57. a6 Rb8 58. Ra4 Kd5 59. a7 Ra8 60.
Bf2 Bg5 61. Rd4+ Ke5 62. Ra4 e3 63. Be1 Rf8+ 64. Kg2 d2 65. Bxd2 exd2 66. Ra1
Ra8 67. Kf3 Rxa7 0-1

[Event "Mondiale Lampo FIDE 2022"]
[Site "Alma Ata"]
[Date "29.12.2022"]
[Round "7.67"]
[White "Batsuren, Dambasuren"]
[Black "Sjugirov, Sanan"]
[Result "1-0"]
[WhiteTitle ""]
[BlackTitle ""]
[WhiteElo "2525"]
[BlackElo "2712"]
[WhiteFideId "4902920"]
[BlackFideId "4189302"]
[EventDate "29.12.2022"]

1. d4 Nf6 2. c4 e6 3. g3 d5 4. Nf3 Bb4+ 5. Bd2 Be7 6. Bg2 O-O 7. O-O c6 8. Qc2
b6 9. Bf4 Ba6 10. Ne5 Nfd7 11. Nd2 Nxe5 12. Bxe5 Nd7 13. Bf4 Rc8 14. Rfc1 Nf6
15. Rd1 c5 16. Qa4 Bb7 17. Qxa7 Bc6 18. dxc5 Bxc5 19. Nb3 e5 20. Bxe5 Bxf2+ 21.
Kxf2 Ng4+ 22. Kg1 Nxe5 23. Bxd5 Bxd5 24. Rxd5 Qf6 25. Rf1 Qe6 26. Nd4 Qe8 27.
Nf5 Nxc4 28. Ne7+ Kh8 29. Nxc8 Qe3+ 30. Rf2 Qc1+ 31. Rf1 Qe3+ 32. Rf2 Qc1+ 33.
Kg2 Ne3+ 34. Kf3 Nxd5 35. Nd6 Qh1+ 36. Kg4 Ne3+ 37. Kf4 Qd5 38. Kxe3 Qxd6 39.
Kf3 Qd5+ 40. e4 Qd3+ 41. Kf4 g5+ 42. Kxg5 Qxe4 43. Rf4 Rg8+ 44. Kh4 Qe2 45. h3
Qe3 46. Qa3 Qe2 47. Qc3+ Rg7 48. Qc8+ Rg8 49. Qc3+ Rg7 50. Qf6 Qe3 51. Rg4 1-0

[Event "Mondiale Lampo FIDE 2022"]
[Site "Alma Ata"]
[Date "29.12.2022"]
[Round "7.68"]
[White "Gadimbayli, Abdulla"]
[Black "Hambleton, Aman"]
[Result "1-0"]
[WhiteTitle ""]
[BlackTitle ""]
[WhiteElo "2524"]
[BlackElo "2437"]
[WhiteFideId "13404938"]
[BlackFideId "2606577"]
[EventDate "29.12.2022"]

1. e4 b6 2. d4 Bb7 3. Nc3 e6 4. Nf3 Bb4 5. Bd3 Nf6 6. e5 Ne4 7. O-O Nxc3 8. bxc3
Bxc3 9. Rb1 Bd5 10. Rb3 Bxb3 11. axb3 d5 12. exd6 cxd6 13. Bb5+ Nd7 14. Qd3 Rc8
15. Ba3 Qc7 16. Ng5 a5 17. Ne4 Bb4 18. Bxb4 axb4 19. Qg3 O-O 20. Bxd7 Rcd8 21.
Bb5 Qxc2 22. Bd3 Qxb3 23. Nf6+ Kh8 24. Nxh7 Rfe8 25. Ng5 Qd5 26. Be4 Qxd4 27.
Qh4+ Kg8 28. Bh7+ Kf8 29. Qxd4 Ke7 30. Qxg7 Rf8 31. Re1 b3 32. Nxe6 1-0

[Event "Mondiale Lampo FIDE 2022"]
[Site "Alma Ata"]
[Date "29.12.2022"]
[Round "7.69"]
[White "Alonso Rosell, Alvar"]
[Black "Aleksandrov, Aleksej"]
[Result "1-0"]
[WhiteTitle ""]
[BlackTitle ""]
[WhiteElo "2561"]
[BlackElo "2495"]
[WhiteFideId "2270544"]
[BlackFideId "13500139"]
[EventDate "29.12.2022"]

1. d4 Nf6 2. c4 e6 3. Nf3 d5 4. g3 dxc4 5. Bg2 Nc6 6. Qa4 Bb4+ 7. Bd2 Bd6 8. Na3
Ne4 9. Nxc4 Nxd2 10. Ncxd2 O-O 11. O-O e5 12. dxe5 Nxe5 13. Rfd1 Nxf3+ 14. Bxf3
Qe7 15. Nc4 Bc5 16. a3 c6 17. Qc2 a5 18. Rab1 Be6 19. Ne5 Ba2 20. Ra1 Qxe5 21.
Rxa2 Rfd8 22. Raa1 g6 23. Rac1 Be7 24. Qb3 Qc7 25. Kg2 Kg7 26. h4 h5 27. Rc4 Bf6
28. Rxd8 Rxd8 29. Rf4 Rd7 30. a4 Qe5 31. Qc4 Qxb2 32. Re4 Rd4 33. Qc5 Rxe4 34.
Bxe4 Qb4 35. Qc2 Qc3 36. Qb1 Qb4 37. Qc2 Be5 38. Bd3 Kf6 39. Bc4 Qc3 40. Qe4 Qd4
41. Qf3+ Ke7 42. Qxf7+ Kd6 43. Qxg6+ Kc5 44. Bd3 b5 45. Be4 Qd6 46. Qxh5 Kb4 47.
f4 Bd4 48. axb5 cxb5 49. Bd3 Bc5 50. Qe8 Qb6 51. h5 a4 52. h6 a3 53. h7 1-0

[Event "Mondiale Lampo FIDE 2022"]
[Site "Alma Ata"]
[Date "29.12.2022"]
[Round "7.70"]
[White "Khusnutdinov, Rustam"]
[Black "Haldorsen, Benjamin"]
[Result "1-0"]
[WhiteTitle ""]
[BlackTitle ""]
[WhiteElo "2441"]
[BlackElo "2449"]
[WhiteFideId "13701703"]
[BlackFideId "1512633"]
[EventDate "29.12.2022"]

1. b3 Nf6 2. Bb2 g6 3. Bxf6 exf6 4. c4 d5 5. cxd5 Qxd5 6. Nc3 Qd7 7. g3 Bg7 8.
Bg2 O-O 9. Nf3 c5 10. Rc1 Qe7 11. O-O Na6 12. d4 cxd4 13. Nxd4 f5 14. Nd5 Qe5
15. e3 Rd8 16. Nf4 h5 17. Rxc8 Raxc8 18. Bxb7 Nc5 19. Bxc8 Rxc8 20. Nd3 Nxd3 21.
Qxd3 h4 22. Nf3 Qe4 23. Qd7 Rc2 24. Ng5 Qc6 25. Qxf7+ Kh8 26. Ne6 Be5 27. Qf8+ 1-0

[Event "Mondiale Lampo FIDE 2022"]
[Site "Alma Ata"]
[Date "29.12.2022"]
[Round "7.71"]
[White "Gurel, Ediz"]
[Black "Makhnev, Denis"]
[Result "1-0"]
[WhiteTitle ""]
[BlackTitle ""]
[WhiteElo "2454"]
[BlackElo "2481"]
[WhiteFideId "44507356"]
[BlackFideId "13707647"]
[EventDate "29.12.2022"]

1. e4 e5 2. Nf3 Nc6 3. Bb5 a6 4. Ba4 d6 5. O-O Bd7 6. c3 g6 7. d4 Nf6 8. Re1 Bg7
9. d5 Nb8 10. c4 O-O 11. Nc3 Bc8 12. h3 Nbd7 13. Be3 Nh5 14. b4 Nf4 15. c5 f5
16. c6 Nf6 17. cxb7 Bxb7 18. Bxf4 exf4 19. Ng5 Nxe4 20. Ncxe4 fxe4 21. Ne6 Qf6
22. Rc1 Rf7 23. Rxe4 f3 24. Rf4 Qxf4 25. Nxf4 Rxf4 26. Rxc7 Rb8 27. Qc1 Rff8 28.
Qe3 Bxd5 29. Rxg7+ Kxg7 30. Qd4+ Rf6 31. Qxd5 Rxb4 32. Bb3 fxg2 33. Kxg2 Rbf4
34. f3 a5 35. Bc2 a4 36. Be4 Rf7 37. Qd4+ Kh6 38. Qxd6 R4f6 39. Qb4 Rd7 40. Qxa4
Rd2+ 41. Kg3 Rfd6 42. Qe8 Rd7 43. Qf8+ Kh5 44. Qc5+ Kh6 45. a4 R7d6 46. a5 Rd1
47. h4 R6d4 48. a6 Rg1+ 49. Kf2 Rdd1 50. a7 Rgf1+ 51. Kg2 1-0

[Event "Mondiale Lampo FIDE 2022"]
[Site "Alma Ata"]
[Date "29.12.2022"]
[Round "7.72"]
[White "Christiansen, Johan-Sebastian"]
[Black "Kazakov, Konstantin"]
[Result "1-0"]
[WhiteTitle ""]
[BlackTitle ""]
[WhiteElo "2578"]
[BlackElo "2385"]
[WhiteFideId "1512668"]
[BlackFideId "13700898"]
[EventDate "29.12.2022"]

1. Nf3 Nf6 2. c4 b6 3. g3 Bb7 4. Bg2 e6 5. O-O Be7 6. Nc3 O-O 7. Re1 c5 8. e4 d6
9. d4 cxd4 10. Nxd4 Qc8 11. Be3 a6 12. Rc1 Nbd7 13. f4 Qc7 14. g4 g6 15. g5 Nh5
16. f5 Nc5 17. b4 e5 18. Nde2 Nd7 19. Nd5 Bxd5 20. cxd5 Qb8 21. f6 Bd8 22. Bf3
Nf4 23. Nxf4 exf4 24. Bxf4 b5 25. Rc6 Ne5 26. Bxe5 dxe5 27. Kg2 Bb6 28. Bg4 Bd4
29. Qb3 a5 30. Qh3 Kh8 31. Qh6 Rg8 32. Rc8 Qxc8 33. Bxc8 Raxc8 34. Re2 axb4 35.
Rd2 Rcd8 36. Rd3 Bc5 37. Qxh7+ 1-0

[Event "Mondiale Lampo FIDE 2022"]
[Site "Alma Ata"]
[Date "29.12.2022"]
[Round "7.73"]
[White "Cheng, Bobby"]
[Black "Uruci, Endrit"]
[Result "1-0"]
[WhiteTitle ""]
[BlackTitle ""]
[WhiteElo "2583"]
[BlackElo "2297"]
[WhiteFideId "4300033"]
[BlackFideId "22100199"]
[EventDate "29.12.2022"]

1. d4 Nf6 2. c4 e6 3. Nf3 d5 4. g3 b6 5. cxd5 exd5 6. Bg2 Bb7 7. O-O Bd6 8. Nc3
a6 9. Nh4 O-O 10. Nf5 Re8 11. Nxd6 Qxd6 12. Bf4 Qe7 13. Rc1 Rc8 14. Qb3 Qd7 15.
Rfd1 b5 16. Be5 Ne4 17. Nxe4 dxe4 18. d5 Qe7 19. Qc3 f6 20. Bxc7 Nd7 21. Bh3 Kh8
22. Qd4 e3 23. Qxe3 Qf7 24. Be6 Qe8 25. h4 a5 26. Qd3 b4 27. Qf5 Nf8 28. Bxc8
Bxc8 29. Qf3 Bb7 30. Bd6 Ng6 31. h5 Ne5 32. Bxe5 Qxe5 33. h6 gxh6 34. Rc7 Qxc7
35. Qxf6+ Qg7 36. Qb6 Re8 37. e3 Rf8 38. Rd4 Qf6 39. Qxf6+ Rxf6 40. e4 Rd6 41.
f4 Kg7 42. Kf2 h5 43. Rc4 Ba6 44. Rc7+ Kg6 45. Ke3 a4 46. Kd4 h6 47. e5 Rd8 48.
Rc6+ 1-0